Gulag archipelago 1918-1956: An experiment in literary investigation (Record no. 32673)

MARC details
000 -LEADER
fixed length control field 00331nam a2200109Ia 4500
082 ## - DEWEY DECIMAL CLASSIFICATION NUMBER
Classification number 93/99(47+57)
Item number SOL
100 ## - MAIN ENTRY--AUTHOR NAME
Personal name Solzhenitsyn, Alexander
245 #0 - TITLE STATEMENT
Title Gulag archipelago 1918-1956: An experiment in literary investigation
260 ## - PUBLICATION, DISTRIBUTION, ETC. (IMPRINT)
Place of publication London
Name of publisher Harper and Row
Year of publication 1974
942 ## - ADDED ENTRY ELEMENTS (KOHA)
Koha item type Books
Holdings
Withdrawn status Lost status Damaged status Not for loan Home library Current library Date acquired Cost, normal purchase price Full call number Accession Number Koha item type
        RRII Library RRII Library 16/12/2021 1.75 93/99(47+57) SOL 13178 Books